Statistiques concernant Les membres de Fairy Tail

Cliquez ici pour prendre le quiz!

Statistiques générales

  • Ce quiz a été pris 2 818 fois
  • Le résultat moyen est 18 sur 30

Statistiques - réponses

HintRéponse% Correct
CléLucy Heartfilia
99%
FeuNatsu Dragnir
99%
GlaceGrey Fullbuster
98%
StyleErza Scarlet
95%
EauJubia Lokser
90%
FoudreLuxus Draer
90%
SoinWendy Marvel
86%
LionLoki
80%
MetalGajil Redfox
76%
Lady DMirajane Strauss
76%
BruteElfman Strauss
75%
CielHappy
73%
CartesKanna Alperona
72%
MotsReby MacGarden
71%
ChefMakaroff Draer
64%
PanterPanther Lily
62%
VisionCarla
61%
FlammeRomeo Combolto
48%
GunsBisca Connel
47%
VioletMakao Combolto
45%
PierreEver Green
43%
FloreDroy
37%
EpeeFried Justin
37%
FusilArzak Connel
34%
SindéGildarts Clive
34%
FuméeWakaba Mine
33%
SpeedJett
32%
PoupéeBixrow
26%
SecretMavis Vermillion
3%
SecretLisana Strauss
2%

Distribution des résultats

Percentile par nombre de réponses

% des personnes avec chaque résultat

Votre développement - résultats

Vous n’avez pas pris ce quiz